[Event "GER MS-162 email"]
[Site "GER email"]
[Date "2012.07.01"]
[Round "?"]
[White "Boos, Markus"]
[Black "Vielsack, Guido"]
[Result "1-0"]
[WhiteElo "2005"]
[BlackElo "2014"]
[PlyCount "95"]
[EventDate "2012.07.09"]
[EventType "tourn (corr)"]
[EventRounds "6"]
[EventCountry "GER"]
[SourceTitle "Corr 2015"]
[Source "ChessBase"]
[SourceDate "2015.07.17"]
[SourceVersion "1"]
[SourceVersionDate "2015.07.17"]
[SourceQuality "1"]

1. d4 Nf6 2. c4 g6 3. g3 Bg7 4. Bg2 c6 5. e4 d6 6. Nc3 0-0 7. Nf3 Nbd7 8. 0-0 e5 9. h3 Qb6 10. Re1 exd4 11. Nxd4 Ne8 12. Nb3 a5 13. Be3 Qc7 14. Nd4 Nef6 15. Qc2 Nc5 16. Rad1 Nfd7 17. b3 Re8 18. Rd2 Bf8 19. Red1 Ne5 20. f4 Ned7 21. Bf2 Nf6 22. a3 Qb6 23. Ndb5 cxb5 24. b4 axb4 25. axb4 bxc4 26. bxc5 dxc5 27. e5 Ra3 28. exf6 Bf5 29. Ne4 c3 30. Re2 h5 31. Rde1 Qa5 32. Bf3 Qa6 33. Kg2 Rd8 34. g4 Bxe4 35. Qxe4 hxg4 36. hxg4 Qxf6 37. g5 Qf5 38. Qxf5 gxf5 39. Bxb7 Rb3 40. Bf3 c4 41. Bh5 Rb2 42. Be3 Ba3 43. Kf2 Rd3 44. Ra1 Rb3 45. Raa2 Kg7 46. Rec2 Rb2 47. Be2 Kf8 48. Bb6 1-0

[Event "GER MS-162 email"]
[Site "GER email"]
[Date "2012.07.01"]
[Round "?"]
[White "Even, Roland"]
[Black "Vielsack, Guido"]
[Result "1/2-1/2"]
[WhiteElo "2127"]
[BlackElo "2014"]
[PlyCount "72"]
[EventDate "2012.07.09"]
[EventType "tourn (corr)"]
[EventRounds "6"]
[EventCountry "GER"]
[SourceTitle "Corr 2015"]
[Source "ChessBase"]
[SourceDate "2015.07.17"]
[SourceVersion "1"]
[SourceVersionDate "2015.07.17"]
[SourceQuality "1"]

1. e4 c5 2. Nf3 d6 3. d4 cxd4 4. Nxd4 Nf6 5. Nc3 a6 6. Bg5 e6 7. f4 Qc7 8. Bxf6 gxf6 9. Qf3 Nc6 10. 0-0-0 Bd7 11. Nxc6 Bxc6 12. f5 0-0-0 13. Bc4 Re8 14. Bb3 Kb8 15. Kb1 Rg8 16. Qh3 exf5 17. Qxf5 Rxg2 18. Qxh7 Qe7 19. Qxf7 Qe5 20. Nd5 Rc8 21. a3 Qxe4 22. Nb4 d5 23. Nxc6+ bxc6 24. Qxf6 Re2 25. h4 Be7 26. Qd4 Qxd4 27. Rxd4 Rh8 28. h5 Re5 29. h6 Rh7 30. Rg4 Rg5 31. Rxg5 Bxg5 32. Rg1 Bxh6 33. Rg6 Be3 34. Rxc6 Rh6 35. Rxh6 Bxh6 36. Bxd5 a5 1/2-1/2

[Event "GER MS-162 email"]
[Site "GER email"]
[Date "2012.07.01"]
[Round "?"]
[White "Vielsack, Guido"]
[Black "Von Wnuck, Marek"]
[Result "1-0"]
[WhiteElo "2014"]
[BlackElo "2053"]
[PlyCount "93"]
[EventDate "2012.07.09"]
[EventType "tourn (corr)"]
[EventRounds "6"]
[EventCountry "GER"]
[SourceTitle "Corr 2015"]
[Source "ChessBase"]
[SourceDate "2015.07.17"]
[SourceVersion "1"]
[SourceVersionDate "2015.07.17"]
[SourceQuality "1"]

1. e4 d6 2. d4 Nf6 3. Nc3 g6 4. Be3 c6 5. Qd2 b5 6. f3 Nbd7 7. g4 Nb6 8. g5 Nfd7 9. b3 Qc7 10. h4 Bg7 11. h5 Rg8 12. a4 b4 13. a5 bxc3 14. Qxc3 Qb7 15. Kf2 c5 16. axb6 axb6 17. Bb5 Rxa1 18. Qxa1 cxd4 19. Bxd4 Bxd4+ 20. Qxd4 gxh5 21. Ne2 Kf8 22. Rxh5 Qc7 23. b4 Ne5 24. Rxh7 Rxg5 25. Qa1 Qxc2 26. Qh1 Rg6 27. Rh8+ Kg7 28. Qh7+ Kf6 29. Rd8 Nxf3 30. Qh8+ Kg5 31. Rxc8 Qxe4 32. Bd3 Qxd3 33. Rc3 Qb1 34. Rxf3 Rf6 35. Rxf6 exf6 36. Qg8+ Qg6 37. Qc8 Qb1 38. Ke3 Qb3+ 39. Qc3 Qe6+ 40. Kd2 Qa2+ 41. Kd3 Qb1+ 42. Ke3 Qf5 43. Qd4 Qe5+ 44. Kd3 Qb5+ 45. Kd2 Qc6 46. Nc3 Qg2+ 47. Kc1 1-0

[Event "GER HS-094 email"]
[Site "GER email"]
[Date "2011.01.30"]
[Round "?"]
[White "Vielsack, Guido"]
[Black "Herzog, Klaus"]
[Result "1-0"]
[WhiteElo "1951"]
[BlackElo "1839"]
[PlyCount "59"]
[EventDate "2011.02.07"]
[EventType "tourn (corr)"]
[EventRounds "6"]
[EventCountry "GER"]
[SourceTitle "Corr 2015"]
[Source "ChessBase"]
[SourceDate "2015.07.17"]
[SourceVersion "1"]
[SourceVersionDate "2015.07.17"]
[SourceQuality "1"]
[WhiteTeam "Germany"]
[BlackTeam "Latvia"]
[WhiteTeamCountry "GER"]
[BlackTeamCountry "LAT"]

1. e4 e5 2. Nf3 Nc6 3. Bb5 Nf6 4. 0-0 Nxe4 5. d4 Nd6 6. Bxc6 dxc6 7. dxe5 Nf5 8. Qxd8+ Kxd8 9. Nc3 Ke8 10. h3 Ne7 11. Re1 Ng6 12. Ne4 c5 13. a4 a5 14. Ra3 Be6 15. Nfg5 Be7 16. Nxe6 fxe6 17. g3 Rd8 18. f4 Rd4 19. Kg2 Kf7 20. Nc3 Rc4 21. Re2 Rd8 22. Nb5 c6 23. b3 Rb4 24. c3 cxb5 25. cxb4 axb4 26. Ra1 bxa4 27. Rxa4 b5 28. Ra7 c4 29. Rd2 Rc8 30. Rc2 1-0

[Event "GER HS-081 email"]
[Site "GER email"]
[Date "2010.06.20"]
[Round "?"]
[White "Vieth, Martin"]
[Black "Vielsack, Guido"]
[Result "0-1"]
[WhiteElo "1523"]
[BlackElo "1954"]
[PlyCount "92"]
[EventDate "2010.06.28"]
[EventType "tourn (corr)"]
[EventRounds "6"]
[EventCountry "GER"]
[SourceTitle "Corr 2013"]
[Source "ChessBase"]
[SourceDate "2012.11.12"]
[SourceVersion "1"]
[SourceVersionDate "2012.11.12"]
[SourceQuality "1"]

1. e4 c5 2. Nf3 d6 3. Bc4 Nf6 4. Nc3 e6 5. 0-0 a6 6. a4 Be7 7. d4 cxd4 8. Nxd4 0-0 9. Qd3 Nc6 10. Nxc6 bxc6 11. Qg3 d5 12. Rd1 Nd7 13. Be2 a5 14. e5 Qc7 15. Bf4 Rb8 16. b3 Rb4 17. h3 Bc5 18. Bg4 Qa7 19. Ne2 Ba6 20. Re1 h5 21. Bf3 f6 22. c3 Rxb3 23. exf6 Rxf6 24. Nd4 Bxd4 25. cxd4 Qxd4 26. Be3 Qe5 27. Qxe5 Nxe5 28. Bxh5 Nd3 29. Reb1 Rb4 30. Bb6 Rff4 31. Bd1 Rb2 32. f3 Rfb4 33. Rxb2 Rxb2 34. Bd4 Rb4 35. Bc3 Rb7 36. Bxa5 c5 37. Be2 d4 38. Rd1 Nb4 39. Bxa6 Nxa6 40. Kf2 Rb3 41. Rc1 Rb2+ 42. Kf1 Kf7 43. Be1 Kf6 44. a5 Ke5 45. Bg3+ Kd5 46. Re1 Ra2 0-1

[Event "GER HS-081 email"]
[Site "GER email"]
[Date "2010.06.20"]
[Round "?"]
[White "Watson, Roland"]
[Black "Vielsack, Guido"]
[Result "1/2-1/2"]
[WhiteElo "1915"]
[BlackElo "1954"]
[PlyCount "55"]
[EventDate "2010.06.28"]
[EventType "tourn (corr)"]
[EventRounds "6"]
[EventCountry "GER"]
[SourceTitle "Corr 2013"]
[Source "ChessBase"]
[SourceDate "2012.11.12"]
[SourceVersion "1"]
[SourceVersionDate "2012.11.12"]
[SourceQuality "1"]

1. c4 Nf6 2. g3 g6 3. Bg2 Bg7 4. Nc3 0-0 5. Nf3 d6 6. 0-0 e5 7. d3 h6 8. Rb1 a5 9. a3 Re8 10. e4 c6 11. Re1 Na6 12. h3 Nc7 13. Be3 Ne6 14. Qd2 Kh7 15. b4 Nd7 16. Red1 axb4 17. axb4 Nd4 18. Bxd4 exd4 19. Ne2 Qb6 20. Qf4 Ne5 21. Nfxd4 Ra3 22. Qe3 Qa7 23. Rbc1 Rd8 24. b5 Qa4 25. bxc6 bxc6 26. Nc2 Nxc4 27. Qf4 Nb2 28. Nxa3 1/2-1/2

[Event "GER HS-080 email"]
[Site "GER email"]
[Date "2010.05.19"]
[Round "?"]
[White "Vielsack, Guido"]
[Black "Mueller Toepler, Michael"]
[Result "1-0"]
[WhiteElo "1954"]
[BlackElo "1793"]
[PlyCount "111"]
[EventDate "2010.05.27"]
[EventType "tourn (corr)"]
[EventRounds "6"]
[EventCountry "GER"]
[SourceTitle "Corr 2013"]
[Source "ChessBase"]
[SourceDate "2012.11.12"]
[SourceVersion "1"]
[SourceVersionDate "2012.11.12"]
[SourceQuality "1"]

1. e4 c5 2. Nf3 d6 3. d4 cxd4 4. Nxd4 Nf6 5. Nc3 a6 6. Be3 e6 7. Qd2 b5 8. f3 Nbd7 9. g4 h6 10. 0-0-0 Bb7 11. h4 b4 12. Na4 Qa5 13. b3 Nc5 14. a3 Rc8 15. Qxb4 Qc7 16. Nxc5 dxc5 17. Qa4+ Nd7 18. Ne2 c4 19. Bf4 Qc6 20. Kb2 Qxa4 21. bxa4 g6 22. Ka2 Bc6 23. a5 h5 24. g5 Ba4 25. Rc1 Bg7 26. Bd6 Nc5 27. Rh2 Kd7 28. Bg3 Rhd8 29. e5 Ke7 30. f4 Bc6 31. Nc3 Ne4 32. Nxe4 Bxe4 33. Bf2 Rd7 34. Be3 Rd5 35. Bb6 Rd7 36. Kb2 Ke8 37. Kc3 Bf8 38. a4 Be7 39. Rb1 Bc6 40. Ra1 Kf8 41. Bg2 Bxg2 42. Rxg2 Bc5 43. Re2 Rb7 44. Rd2 Bxb6 45. axb6 Rxb6 46. Rd7 Ra8 47. Rad1 Kg8 48. Rc7 a5 49. Rdd7 Rf8 50. Rb7 Rxb7 51. Rxb7 Rd8 52. Kxc4 Rd2 53. Kb5 Rxc2 54. Kxa5 Kg7 55. Rb4 Rh2 56. Kb6 1-0

[Event "GER HL-163 email"]
[Site "GER email"]
[Date "2009.??.??"]
[Round "?"]
[White "Mayer, Johann"]
[Black "Vielsack, Guido"]
[Result "0-1"]
[WhiteElo "1961"]
[BlackElo "1640"]
[PlyCount "90"]
[EventDate "2008.??.??"]
[EventType "tourn (corr)"]
[EventRounds "6"]
[EventCountry "GER"]
[SourceTitle "Corr 2011"]
[Source "ChessBase"]
[SourceDate "2010.08.31"]
[SourceVersion "1"]
[SourceVersionDate "2010.08.31"]
[SourceQuality "1"]

1. d4 Nf6 2. c4 g6 3. Nc3 d5 4. Nf3 Bg7 5. Bg5 Ne4 6. Bh4 Nxc3 7. bxc3 dxc4 8. Qa4+ Qd7 9. Qxc4 b6 10. Qb3 Ba6 11. e3 Bxf1 12. Kxf1 0-0 13. Ke2 c5 14. Rhd1 cxd4 15. cxd4 Nc6 16. Rac1 Na5 17. Qb4 e6 18. Rc3 Rac8 19. Rdc1 Qb7 20. Ke1 Rfe8 21. Qa4 Bf8 22. Ne5 Rxc3 23. Rxc3 Rc8 24. Rxc8 Qxc8 25. f4 Bg7 26. Qd7 Qxd7 27. Nxd7 f5 28. Kd2 Kf7 29. Nb8 Ke8 30. Kd3 Bf8 31. Be1 Bd6 32. Na6 Nc6 33. Bh4 Kd7 34. Kc4 Be7 35. Be1 Kc8 36. Kb5 Kb7 37. a4 Ba3 38. Bd2 Bd6 39. h3 Ba3 40. h4 Bd6 41. Bc3 Be7 42. Be1 Ba3 43. Bd2 h6 44. g3 h5 45. a5 Nxa5 0-1

[Event "GER OS-068 email"]
[Site "GER email"]
[Date "2008.10.03"]
[Round "?"]
[White "Vielsack, Guido"]
[Black "Seiler, Werner"]
[Result "1/2-1/2"]
[WhiteElo "1640"]
[BlackElo "1742"]
[PlyCount "111"]
[EventDate "2008.??.??"]
[EventType "tourn (corr)"]
[EventRounds "6"]
[EventCountry "GER"]
[SourceTitle "Corr 2011"]
[Source "ChessBase"]
[SourceDate "2010.08.31"]
[SourceVersion "1"]
[SourceVersionDate "2010.08.31"]
[SourceQuality "1"]

1. e4 d5 2. exd5 Nf6 3. Nf3 Qxd5 4. Nc3 Qh5 5. Be2 Bg4 6. 0-0 Nc6 7. h3 Bxf3 8. Bxf3 Qf5 9. d4 0-0-0 10. Bxc6 bxc6 11. Qe2 e6 12. Qa6+ Kd7 13. Na4 Qxc2 14. Bf4 Qf5 15. Be5 Bd6 16. Rfe1 Rb8 17. Bxd6 Kxd6 18. Re5 Qf4 19. Rd1 Rhc8 20. b3 Ke7 21. Nc5 Nd7 22. Qa3 Nxc5 23. Qxc5+ Kd7 24. Qc2 g6 25. Rd3 Qf6 26. Rf3 Qe7 27. Ra5 Rf8 28. Ra6 Rb6 29. Rxa7 Rb4 30. Qe4 Qd6 31. Rd3 Rb5 32. Ra4 Rfb8 33. Rc4 Ra5 34. Qe2 Ra3 35. Qf3 Rxa2 36. Qxf7+ Qe7 37. Qxe7+ Kxe7 38. Rxc6 Kd7 39. Rdc3 Rb7 40. g3 Rd2 41. R6c4 h6 42. Kg2 g5 43. Kf3 Kd6 44. Ke3 Rb2 45. Rc6+ Kd7 46. f4 Rh2 47. fxg5 hxg5 48. R6c5 Rxh3 49. Rxg5 Kd6 50. Ke4 c6 51. Rgc5 Rb6 52. g4 Rh4 53. Kf4 Rh1 54. Kg5 Rg1 55. Kh5 Kd7 56. Rg5 1/2-1/2